The Future of Social Distancing: new cardinals for children, adolescents and youth/ (Record no. 177879)

MARC details
000 -LEADER
fixed length control field 00775nam a22002057a 4500
005 - DATE AND TIME OF LATEST TRANSACTION
control field 20210309150014.0
010 ## - LCCN (DPL NO)
LC control number ENG-129176
020 ## - INTERNATIONAL STANDARD BOOK NUMBER
International Standard Book Number 978-81-237-9187-6
Terms of availability 145.00
035 ## - SYSTEM CONTROL NUMBER
System control number EN-112708
037 ## - SOURCE OF ACQUISITION
Source of stock number/acquisition DBAD/PUB
082 ## - DEWEY DECIMAL CLASSIFICATION NUMBER
Classification number 616.2414
100 ## - MAIN ENTRY--PERSONAL NAME
Personal name Dixit, Aprajita
245 ## - TITLE STATEMENT
Title The Future of Social Distancing: new cardinals for children, adolescents and youth/
Statement of responsibility, etc Aprajita Dixit and Rekha Chauhan
260 ## - PUBLICATION, DISTRIBUTION, ETC. (IMPRINT)
Place of publication, distribution, etc New Delhi
Name of publisher, distributor, etc National Book Trust
Date of publication, distribution, etc 2020
270 ## - ADDRESS
City New Delhi
Postal code 110070
Address Nehru Bhawan, 5 Institutional Area, Phase-II, Vasant Kunj
300 ## - PHYSICAL DESCRIPTION
Extent xxvi+94p.
Dimensions 21cm(pbk)
Other physical details Including illustrations and bibliographical references.
500 ## - GENERAL NOTE
General note illustration: Partha Sengupta
700 ## - ADDED ENTRY--PERSONAL NAME
Personal name Chauhan, Rekha
942 ## - ADDED ENTRY ELEMENTS (KOHA)
Source of classification or shelving scheme Dewey Decimal Classification
Item type English Books
Classification part 616.2414
Call number suffix DIX
Holdings
Withdrawn status Lost status Not for loan Collection code Home library Current library Date acquired Source of acquisition Cost, normal purchase price Full call number Barcode Copy number Cost, replacement price Koha item type
      Non-fiction Ashok Vihar Ashok Vihar 09/03/2021 DBAD/PUB 145.00 616.2414 DIX EN-112708 1 145.00 English Books

© Delhi Public Library
Hit Counter
free hit counter